Statistics for Guess The Premier League Club

Click here to take the quiz!

General Stats

  • This quiz has been taken 31 times
  • The average score is 8 of 15

Answer Stats

1st2nd3rd4thBest PositionAnswer% Correct
136311stMan Utd
97%
32211stMan City
97%
54421stChelsea
93%
36571stArsenal
93%
11011stBlackburn
79%
10001stLeicester
72%
03572ndLiverpool
66%
01222ndTottenham
66%
00014thEverton
45%
02212ndNewcastle
45%
01012ndAston Villa
34%
000022ndSwindon
24%
00123rdLeeds
24%
000014thSheff Utd
3%
000017thBradford
3%

Score Distribution

Percentile by Number Answered

Percent of People with Each Score

Your Score History

You have not taken this quiz